书目信息 |
| 题名: |
中国语言资源集·河南·语法卷
|
|
| 作者: | 辛永芬 , 王新宇 , 段亚广 主编 | |
| 分册: | 1 | |
| 出版信息: | 北京 中国社会科学出版社 2023 |
|
| 页数: | 133页 | |
| 开本: | 22cm | |
| 丛书名: | ||
| 单 册: | ||
| 中图分类: | H17 | |
| 科图分类: | ||
| 主题词: | 汉语方言 | |
| 电子资源: | ||
| ISBN: | 7-5227-2231-4 | |
| 000 | 00764nam0 2200229 450 | |
| 001 | 2559513406 | |
| 005 | 20250901163614.88 | |
| 010 | @a7-5227-2231-4@dCNY68.00 | |
| 100 | @a20250901d2023 km y0chiy0120 ea | |
| 101 | 0 | @achi |
| 102 | @aCN@b110000 | |
| 102 | @aCN@b110000 | |
| 200 | 1 | @a中国语言资源集·河南·语法卷@AZhong Guo Yu Yan Zi Yuan Ji·He Nan·Yu Fa Juan@h1@f辛永芬,王新宇,段亚广主编@FXin Yong Fen,Wang Xin Yu,Duan Ya Guang Zhu Bian |
| 210 | @a北京@c中国社会科学出版社@d2023 | |
| 215 | @a133页@d22cm | |
| 606 | 0 | @a汉语方言 |
| 690 | @aH17@v4 | |
| 701 | 0 | @a辛永芬@AXin Yong Fen@4主编 |
| 701 | 0 | @a王新宇@AWang Xin Yu@4主编 |
| 701 | 0 | @a段亚广@ADuan Ya Guang@4主编 |
| 801 | 0 | @aCN@b大连网信软件有限公司图书馆·11@c20250901 |
| 905 | @aZUCC@dH17@e137:2 | |
| 中国语言资源集·河南·语法卷.1/辛永芬,王新宇,段亚广主编.-北京:中国社会科学出版社,2023 |
| 133页;22cm |
| ISBN 7-5227-2231-4:CNY68.00 |
| ● |
| 相关链接 |
|
|
|
|
正题名:中国语言资源集·河南·语法卷
索取号:H17/137:2
 
预约/预借
| 序号 | 登录号 | 条形码 | 馆藏地/架位号 | 状态 | 备注 |
| 1 | 1440071 | 214400717 | 第二样本阅览室/ [索取号:H17/137:2] |
已借出,限还日期为2035.08.31 借出人:刘巍 |